000 00312nam a2200097Ia 4500
001 644464
005 20250826153605.0
008 250824s9999 xx 000 0 und d
245 0 _aArkadaşlığın Matematiği Bir Öğretmen ile Öğrencinin Matematik Hakkın
_cSteven Strogatz
260 _bTÜBİTAK YAYINLARI
999 _c644464
_d644464